<?xml version="1.0" encoding="UTF-8"?>
<record
    xmlns:xsi="http://www.w3.org/2001/XMLSchema-instance"
    xsi:schemaLocation="http://www.loc.gov/MARC21/slim http://www.loc.gov/standards/marcxml/schema/MARC21slim.xsd"
    xmlns="http://www.loc.gov/MARC21/slim">

  <leader>01127cam a2200265 a 4500</leader>
  <controlfield tag="008">910326s1991    nyua     b    101 0 eng  </controlfield>
  <datafield tag="020" ind1=" " ind2=" ">
    <subfield code="a">9788184895353</subfield>
  </datafield>
  <datafield tag="040" ind1=" " ind2=" ">
    <subfield code="a">DLC</subfield>
    <subfield code="c">DLC</subfield>
    <subfield code="d">DLC</subfield>
  </datafield>
  <datafield tag="082" ind1="0" ind2="0">
    <subfield code="a">581.1925 F524m</subfield>
  </datafield>
  <datafield tag="110" ind1="2" ind2=" ">
    <subfield code="a">Phytochemical Society of North America.</subfield>
    <subfield code="b">Meeting</subfield>
    <subfield code="n">(30th :</subfield>
    <subfield code="d">1990 :</subfield>
    <subfield code="c">Laval University)</subfield>
  </datafield>
  <datafield tag="245" ind1="0" ind2="0">
    <subfield code="a">Modern phytochemical methods /</subfield>
    <subfield code="c">edited by Nikolaus H. Fischer, Murray B. Isman, and Helen A. Stafford.</subfield>
  </datafield>
  <datafield tag="260" ind1=" " ind2=" ">
    <subfield code="a">Delhi</subfield>
    <subfield code="b">Springer International Edition</subfield>
    <subfield code="c">1991.</subfield>
  </datafield>
  <datafield tag="300" ind1=" " ind2=" ">
    <subfield code="a">x, 407 p. :</subfield>
    <subfield code="b">ill. ;</subfield>
    <subfield code="c">24 cm.</subfield>
  </datafield>
  <datafield tag="490" ind1=" " ind2=" ">
    <subfield code="a">recent advances in phytochemistry</subfield>
    <subfield code="v">25</subfield>
  </datafield>
  <datafield tag="500" ind1=" " ind2=" ">
    <subfield code="a">"Proceedings of the Thirtieth Annual Meeting of the Phytochemical Society of North America, held August 11-15, 1990, at Laval University, Quebec City, Quebec, Canada"--T.p. verso.</subfield>
  </datafield>
  <datafield tag="504" ind1=" " ind2=" ">
    <subfield code="a">Includes bibliographical references and index.</subfield>
  </datafield>
  <datafield tag="650" ind1=" " ind2="0">
    <subfield code="a">Botanical chemistry</subfield>
    <subfield code="x">Methodology</subfield>
    <subfield code="x">Congresses.</subfield>
  </datafield>
  <datafield tag="650" ind1=" " ind2="0">
    <subfield code="a">mass spectroscopy</subfield>
  </datafield>
  <datafield tag="650" ind1=" " ind2="0">
    <subfield code="a">phytochemistry</subfield>
    <subfield code="9">9539</subfield>
  </datafield>
  <datafield tag="650" ind1=" " ind2="0">
    <subfield code="a">chemistry</subfield>
  </datafield>
  <datafield tag="700" ind1="1" ind2=" ">
    <subfield code="a">Fischer, Nikolaus H.</subfield>
  </datafield>
  <datafield tag="700" ind1="1" ind2=" ">
    <subfield code="a">Isman, Murray B.</subfield>
  </datafield>
  <datafield tag="700" ind1="1" ind2=" ">
    <subfield code="a">Stafford, Helen A.,</subfield>
  </datafield>
  <datafield tag="942" ind1=" " ind2=" ">
    <subfield code="2">ddc</subfield>
    <subfield code="c">GEN</subfield>
  </datafield>
  <datafield tag="999" ind1=" " ind2=" ">
    <subfield code="c">76895</subfield>
    <subfield code="d">76884</subfield>
  </datafield>
  <datafield tag="952" ind1=" " ind2=" ">
    <subfield code="0">0</subfield>
    <subfield code="1">0</subfield>
    <subfield code="2">ddc</subfield>
    <subfield code="4">0</subfield>
    <subfield code="7">0</subfield>
    <subfield code="a">TUCL</subfield>
    <subfield code="b">TUCL</subfield>
    <subfield code="c">NB</subfield>
    <subfield code="d">2015-10-07</subfield>
    <subfield code="l">1</subfield>
    <subfield code="o">581.1925/F524m</subfield>
    <subfield code="p">151782</subfield>
    <subfield code="r">2021-04-25 00:00:00</subfield>
    <subfield code="s">2021-03-10</subfield>
    <subfield code="w">2015-10-07</subfield>
    <subfield code="y">GEN</subfield>
  </datafield>
</record>
